Romeinse cijfers ontcijferen - Statistieken

Algemene statistieken
  • Deze quiz is 462 keer genomen
  • De gemiddelde score is 17 van 30
Antwoordstatistieken
Romeins Arabisch % Correct
I 1
100%
C 100
100%
MI 1001
100%
MIV 1004
100%
MV 1005
100%
MXI 1011
100%
MXIII 1013
100%
MXVII 1017
100%
MXVIII 1018
100%
MXXII 1022
100%
MXXIII 1023
100%
MXXIV 1024
100%
MXXIX 1029
100%
MXXXIII 1033
100%
MXXXV 1035
100%
MXXXVII 1037
100%
MXLI 1041
100%
MXLV 1045
100%
ML 1050
100%
MLII 1052
100%
MLV 1055
100%
MLVI 1056
100%
MLVII 1057
100%
MLVIII 1058
100%
MLIX 1059
100%
MLXI 1061
100%
MLXVI 1066
100%
MLXIX 1069
100%
MLXXI 1071
100%
MLXXIV 1074
100%
MLXXXV 1085
100%
MLXXXVI 1086
100%
MLXXXVIII 1088
100%
MLXXXIX 1089
100%
MXCII 1092
100%
MXCVI 1096
100%
MCII 1102
100%
MCV 1105
100%
MCVII 1107
100%
MCIX 1109
100%
CXI 111
100%
MCXII 1112
100%
MCXIII 1113
100%
MCXIV 1114
100%
MCXVI 1116
100%
MCXVII 1117
100%
MCXIX 1119
100%
CXII 112
100%
MCXXIII 1123
100%
MCXXIV 1124
100%
MCXXV 1125
100%
MCXXVII 1127
100%
MCXXX 1130
100%
MCXXXIII 1133
100%
CXIV 114
100%
MCXLII 1142
100%
MCXLVIII 1148
100%
CXV 115
100%
MCLII 1152
100%
MCLXII 1162
100%
MCLXIII 1163
100%
MCLXIV 1164
100%
MCLXVI 1166
100%
MCLXXIII 1173
100%
MCLXXV 1175
100%
MCLXXVIII 1178
100%
MCLXXXII 1182
100%
MCLXXXIII 1183
100%
MCLXXXV 1185
100%
MCLXXXVI 1186
100%
MCXCI 1191
100%
MCXCIV 1194
100%
MCCVIII 1208
100%
MCCXIII 1213
100%
MCCXVIII 1218
100%
MCCXXIII 1223
100%
MCCXXIX 1229
100%
MCCXXXVIII 1238
100%
MCCXLI 1241
100%
MCCXLIV 1244
100%
MCCXLV 1245
100%
MCCXLIX 1249
100%
MCCLII 1252
100%
MCCLV 1255
100%
MCCLVI 1256
100%
MCCLVIII 1258
100%
CXXVI 126
100%
MCCLXVII 1267
100%
MCCLXIX 1269
100%
MCCLXXIV 1274
100%
MCCLXXVI 1276
100%
MCCLXXXIII 1283
100%
MCCXCIII 1293
100%
MCCXCIV 1294
100%
MCCXCVI 1296
100%
MCCXCVII 1297
100%
MCCXCIX 1299
100%
MCCC 1300
100%
MCCCIV 1304
100%
MCCCVI 1306
100%
MCCCVII 1307
100%
MCCCXIX 1319
100%
MCCCXX 1320
100%
MCCCXXVII 1327
100%
MCCCXXXII 1332
100%
MCCCXXXIV 1334
100%
MCCCXXXIX 1339
100%
MCCCXLV 1345
100%
MCCCL 1350
100%
MCCCLI 1351
100%
MCCCLV 1355
100%
MCCCLIX 1359
100%
MCCCLXIII 1363
100%
MCCCLXIV 1364
100%
MCCCLXV 1365
100%
MCCCLXIX 1369
100%
CXXXVII 137
100%
MCCCLXX 1370
100%
MCCCLXXII 1372
100%
MCCCLXXV 1375
100%
MCCCLXXVII 1377
100%
MCCCLXXXV 1385
100%
MCCCLXXXVIII 1388
100%
MCCCLXXXIX 1389
100%
MCCCXCII 1392
100%
MCCCXCIII 1393
100%
MCCCXCIV 1394
100%
MCCCXCVIII 1398
100%
MCDVII 1407
100%
MCDXII 1412
100%
MCDXV 1415
100%
MCDXVII 1417
100%
MCDXIX 1419
100%
MCDXXIV 1424
100%
MCDXXVI 1426
100%
MCDXXIX 1429
100%
MCDXXXII 1432
100%
MCDXXXIII 1433
100%
MCDXXXIV 1434
100%
MCDXL 1440
100%
MCDLII 1452
100%
MCDLVI 1456
100%
MCDLIX 1459
100%
MCDLXIII 1463
100%
MCDLXIV 1464
100%
MCDLXVI 1466
100%
MCDLXVIII 1468
100%
MCDLXIX 1469
100%
MCDLXXV 1475
100%
MCDLXXVIII 1478
100%
MCDLXXXI 1481
100%
MCDLXXXIII 1483
100%
MCDLXXXV 1485
100%
MCDLXXXVI 1486
100%
MCDXC 1490
100%
MD 1500
100%
MDI 1501
100%
MDVI 1506
100%
MDIX 1509
100%
MDXI 1511
100%
MDXII 1512
100%
MDXIII 1513
100%
MDXVII 1517
100%
MDXVIII 1518
100%
CLII 152
100%
MDXXI 1521
100%
MDXXIV 1524
100%
MDXXV 1525
100%
MDXXVIII 1528
100%
CLIII 153
100%
MDXXXVIII 1538
100%
CLIV 154
100%
MDXLI 1541
100%
MDXLII 1542
100%
MDXLV 1545
100%
MDXLVIII 1548
100%
CLV 155
100%
MDL 1550
100%
MDLVI 1556
100%
MDLIX 1559
100%
CLVI 156
100%
MDLXII 1562
100%
MDLXIII 1563
100%
MDLXVI 1566
100%
MDLXX 1570
100%
MDLXXII 1572
100%
MDLXXVIII 1578
100%
MDLXXIX 1579
100%
CLVIII 158
100%
MDLXXXII 1582
100%
MDLXXXIII 1583
100%
MDLXXXV 1585
100%
MDLXXXVI 1586
100%
MDLXXXVII 1587
100%
MDLXXXVIII 1588
100%
MDLXXXIX 1589
100%
MDXCIV 1594
100%
MDXCVI 1596
100%
CLX 160
100%
MDCII 1602
100%
MDCIV 1604
100%
MDCVII 1607
100%
MDCIX 1609
100%
MDCX 1610
100%
MDCXI 1611
100%
MDCXII 1612
100%
MDCXIII 1613
100%
MDCXIV 1614
100%
MDCXV 1615
100%
MDCXXII 1622
100%
MDCXXIII 1623
100%
MDCXXVII 1627
100%
MDCXXIX 1629
100%
CLXIII 163
100%
MDCXXXII 1632
100%
MDCXXXIX 1639
100%
MDCXLVI 1646
100%
MDCXLVII 1647
100%
MDCXLIX 1649
100%
CLXV 165
100%
MDCLI 1651
100%
MDCLII 1652
100%
MDCLV 1655
100%
MDCLVI 1656
100%
MDCLVII 1657
100%
MDCLVIII 1658
100%
CLXVI 166
100%
MDCLXII 1662
100%
MDCLXIII 1663
100%
MDCLXVI 1666
100%
MDCLXXIII 1673
100%
MDCLXXV 1675
100%
MDCLXXXVI 1686
100%
MDCLXXXVIII 1688
100%
MDCLXXXIX 1689
100%
MDCXCIV 1694
100%
MDCXCV 1695
100%
MDCXCVI 1696
100%
MDCXCIX 1699
100%
CLXX 170
100%
MDCCI 1701
100%
MDCCII 1702
100%
MDCCIII 1703
100%
MDCCVI 1706
100%
MDCCVIII 1708
100%
CLXXI 171
100%
MDCCXV 1715
100%
MDCCXVII 1717
100%
MDCCXVIII 1718
100%
MDCCXIX 1719
100%
MDCCXX 1720
100%
MDCCXXIV 1724
100%
MDCCXXVI 1726
100%
MDCCXXVIII 1728
100%
MDCCXXXVI 1736
100%
MDCCXXXIX 1739
100%
MDCCXL 1740
100%
MDCCXLI 1741
100%
MDCCXLIII 1743
100%
MDCCXLV 1745
100%
MDCCXLVIII 1748
100%
MDCCL 1750
100%
MDCCLIII 1753
100%
MDCCLXI 1761
100%
MDCCLXV 1765
100%
MDCCLXX 1770
100%
MDCCLXXV 1775
100%
MDCCLXXVIII 1778
100%
MDCCLXXIX 1779
100%
MDCCLXXXI 1781
100%
MDCCLXXXIII 1783
100%
MDCCLXXXVIII 1788
100%
MDCCLXXXIX 1789
100%
MDCCXCVI 1796
100%
MDCCXCIX 1799
100%
MDCCC 1800
100%
MDCCCII 1802
100%
MDCCCXIII 1813
100%
MDCCCXXII 1822
100%
MDCCCXXIII 1823
100%
MDCCCXXIV 1824
100%
MDCCCXXX 1830
100%
MDCCCXXXII 1832
100%
MDCCCXXXV 1835
100%
MDCCCXXXVI 1836
100%
MDCCCXXXIX 1839
100%
MDCCCXL 1840
100%
MDCCCXLVII 1847
100%
MDCCCLII 1852
100%
MDCCCLV 1855
100%
CLXXXVI 186
100%
MDCCCLXIV 1864
100%
MDCCCLXV 1865
100%
MDCCCLXVI 1866
100%
MDCCCLXX 1870
100%
MDCCCLXXI 1871
100%
MDCCCLXXV 1875
100%
MDCCCLXXVII 1877
100%
MDCCCLXXIX 1879
100%
MDCCCLXXXI 1881
100%
MDCCCLXXXII 1882
100%
MDCCCLXXXIV 1884
100%
MDCCCLXXXVII 1887
100%
CLXXXIX 189
100%
MDCCCXC 1890
100%
MDCCCXCIII 1893
100%
MCM 1900
100%
MCMIV 1904
100%
MCMVIII 1908
100%
MCMXIV 1914
100%
MCMXVI 1916
100%
MCMXVII 1917
100%
CXCII 192
100%
MCMXXI 1921
100%
MCMXXIII 1923
100%
MCMXXIV 1924
100%
CXCIII 193
100%
MCMXXXVII 1937
100%
MCMXLIII 1943
100%
MCMXLV 1945
100%
MCMXLVII 1947
100%
MCMLIV 1954
100%
MCMLVIII 1958
100%
MCMLXI 1961
100%
MCMLXVII 1967
100%
MCMLXIX 1969
100%
CXCVII 197
100%
MCMLXXVI 1976
100%
MCMLXXVII 1977
100%
CXCVIII 198
100%
MCMLXXXV 1985
100%
MCMXC 1990
100%
MCMXCI 1991
100%
MCMXCVII 1997
100%
MCMXCIX 1999
100%
CC 200
100%
MM 2000
100%
CCI 201
100%
CCIV 204
100%
CCV 205
100%
CCVI 206
100%
CCVII 207
100%
CCVIII 208
100%
CCX 210
100%
CCXII 212
100%
CCXIII 213
100%
CCXIV 214
100%
CCXV 215
100%
CCXVI 216
100%
CCXVII 217
100%
CCXIX 219
100%
CCXX 220
100%
CCXXI 221
100%
CCXXIII 223
100%
CCXXV 225
100%
CCXXVI 226
100%
CCXXX 230
100%
CCXXXI 231
100%
CCXXXII 232
100%
CCXXXIII 233
100%
CCXXXVI 236
100%
CCXXXVII 237
100%
CCXXXVIII 238
100%
CCXXXIX 239
100%
CCXLI 241
100%
CCXLVII 247
100%
CCL 250
100%
CCLI 251
100%
CCLII 252
100%
CCLIII 253
100%
CCLVI 256
100%
CCLVIII 258
100%
CCLIX 259
100%
CCLXIII 263
100%
CCLXIV 264
100%
CCLXVI 266
100%
CCLXVIII 268
100%
CCLXIX 269
100%
CCLXXI 271
100%
CCLXXIV 274
100%
CCLXXV 275
100%
CCLXXVII 277
100%
CCXC 290
100%
CCXCIV 294
100%
CCXCVI 296
100%
CCXCIX 299
100%
CCCI 301
100%
CCCII 302
100%
CCCVI 306
100%
CCCVII 307
100%
CCCVIII 308
100%
CCCIX 309
100%
CCCX 310
100%
CCCXI 311
100%
CCCXII 312
100%
CCCXIII 313
100%
CCCXIV 314
100%
CCCXV 315
100%
CCCXVI 316
100%
CCCXVII 317
100%
CCCXXI 321
100%
CCCXXII 322
100%
CCCXXVII 327
100%
CCCXXVIII 328
100%
CCCXXXI 331
100%
CCCXXXIII 333
100%
CCCXXXIV 334
100%
CCCXXXVII 337
100%
CCCXXXVIII 338
100%
CCCXL 340
100%
CCCXLI 341
100%
CCCXLV 345
100%
CCCXLVIII 348
100%
CCCL 350
100%
CCCLII 352
100%
CCCLV 355
100%
CCCLVII 357
100%
CCCLVIII 358
100%
CCCLIX 359
100%
CCCLXI 361
100%
CCCLXII 362
100%
CCCLXVII 367
100%
CCCLXVIII 368
100%
CCCLXXII 372
100%
CCCLXXIII 373
100%
CCCLXXV 375
100%
CCCLXXVI 376
100%
CCCLXXIX 379
100%
CCCLXXXII 382
100%
CCCLXXXIV 384
100%
CCCLXXXV 385
100%
CCCLXXXVII 387
100%
CCCXCI 391
100%
CCCXCIII 393
100%
CCCXCV 395
100%
CCCXCVI 396
100%
CCCXCIX 399
100%
CDXVII 417
100%
CDXIX 419
100%
CDXXI 421
100%
CDXXII 422
100%
CDXXXIV 434
100%
CDXXXVII 437
100%
CDXLIX 449
100%
CDLIV 454
100%
CDLV 455
100%
CDLVII 457
100%
CDLVIII 458
100%
CDLXVIII 468
100%
CDLXX 470
100%
CDLXXIII 473
100%
CDLXXVII 477
100%
CDLXXVIII 478
100%
CDLXXXII 482
100%
CDLXXXIV 484
100%
CDLXXXIX 489
100%
CDXCIV 494
100%
CDXCV 495
100%
CDXCIX 499
100%
DIV 504
100%
DV 505
100%
DVII 507
100%
DIX 509
100%
DX 510
100%
DXII 512
100%
DXVIII 518
100%
DXX 520
100%
DXXVI 526
100%
DXXVIII 528
100%
DXXXI 531
100%
DXXXIII 533
100%
DXXXV 535
100%
DXXXVIII 538
100%
DXLI 541
100%
DXLIII 543
100%
DXLIV 544
100%
DXLV 545
100%
DLI 551
100%
DLII 552
100%
DLIII 553
100%
DLIV 554
100%
DLIX 559
100%
DLXIV 564
100%
DLXV 565
100%
DLXIX 569
100%
DLXX 570
100%
DLXXVIII 578
100%
DLXXXII 582
100%
DLXXXV 585
100%
DLXXXIX 589
100%
DXCVI 596
100%
DCIII 603
100%
DCVI 606
100%
DCVIII 608
100%
DCXI 611
100%
DCXV 615
100%
DCXVI 616
100%
DCXVII 617
100%
DCXXI 621
100%
DCXXVI 626
100%
DCXXVIII 628
100%
DCXXXVI 636
100%
DCXXXVII 637
100%
LXIV 64
100%
LXV 65
100%
DCLVII 657
100%
DCLVIII 658
100%
DCLXVIII 668
100%
DCLXIX 669
100%
DCLXXIII 673
100%
DCLXXV 675
100%
DCLXXVI 676
100%
DCLXXVII 677
100%
DCLXXXIII 683
100%
DCLXXXVII 687
100%
DCLXXXIX 689
100%
LXIX 69
100%
DCXCIV 694
100%
DCCI 701
100%
DCCII 702
100%
DCCV 705
100%
DCCVI 706
100%
DCCVII 707
100%
DCCIX 709
100%
DCCXIII 713
100%
DCCXV 715
100%
DCCXIX 719
100%
DCCXXI 721
100%
DCCXXIII 723
100%
DCCXXVI 726
100%
DCCXXVIII 728
100%
DCCXXX 730
100%
DCCXXXII 732
100%
DCCXXXIII 733
100%
DCCXXXV 735
100%
DCCXXXVII 737
100%
DCCXXXVIII 738
100%
DCCXLII 742
100%
DCCLVIII 758
100%
DCCLXIV 764
100%
DCCLXV 765
100%
DCCLXVIII 768
100%
DCCLXXIV 774
100%
DCCLXXVI 776
100%
DCCLXXVII 777
100%
DCCLXXIX 779
100%
DCCLXXX 780
100%
DCCLXXXI 781
100%
DCCLXXXVI 786
100%
DCCXCV 795
100%
DCCXCVI 796
100%
DCCC 800
100%
DCCCI 801
100%
DCCCIII 803
100%
DCCCVI 806
100%
DCCCVIII 808
100%
DCCCXVII 817
100%
DCCCXXII 822
100%
DCCCXXV 825
100%
DCCCXXVIII 828
100%
DCCCXXIX 829
100%
DCCCXXXIII 833
100%
DCCCXXXVIII 838
100%
DCCCXL 840
100%
DCCCXLIII 843
100%
DCCCXLIV 844
100%
DCCCLI 851
100%
DCCCLII 852
100%
DCCCLXIV 864
100%
LXXXVII 87
100%
DCCCLXX 870
100%
DCCCLXXII 872
100%
DCCCLXXIII 873
100%
DCCCLXXV 875
100%
DCCCLXXXI 881
100%
DCCCLXXXII 882
100%
DCCCLXXXIII 883
100%
DCCCLXXXV 885
100%
DCCCLXXXVIII 888
100%
DCCCXC 890
100%
DCCCXCII 892
100%
DCCCXCIV 894
100%
DCCCXCVII 897
100%
DCCCXCVIII 898
100%
XC 90
100%
CMIII 903
100%
CMV 905
100%
CMVII 907
100%
CMXVII 917
100%
CMXX 920
100%
CMXXIII 923
100%
CMXXV 925
100%
CMXXX 930
100%
CMXXXI 931
100%
CMXXXII 932
100%
CMXXXIII 933
100%
CMXXXIX 939
100%
CMXLIV 944
100%
CMXLVIII 948
100%
CMLXVIII 968
100%
CMLXXII 972
100%
CMLXXIII 973
100%
CMLXXIV 974
100%
CMLXXV 975
100%
CMLXXVI 976
100%
CMLXXVIII 978
100%
CMLXXIX 979
100%
CMLXXX 980
100%
CMLXXXII 982
100%
CMLXXXIV 984
100%
CMXCI 991
100%
CMXCIII 993
100%
CMXCV 995
100%
CMXCIX 999
100%
II 2
98%
XII 12
97%
XX 20
97%
XXVII 27
97%
III 3
97%
X 10
96%
XIV 14
96%
XXVI 26
96%
XXIX 29
96%
V 5
96%
XI 11
95%
XIII 13
95%
XV 15
95%
XXV 25
95%
XXI 21
94%
XXVIII 28
94%
XXX 30
94%
IV 4
94%
VII 7
94%
IX 9
94%
XXXIX 39
93%
VI 6
93%
LXIII 63
93%
LXX 70
93%
VIII 8
93%
XCV 95
93%
CXXI 121
92%
CXXV 125
92%
LX 60
92%
LXXIV 74
92%
CXX 120
91%
CXXIII 123
91%
CXXXIV 134
91%
XXII 22
91%
XXXV 35
91%
L 50
91%
CXXII 122
90%
CXL 140
90%
XVI 16
90%
XXXI 31
90%
LIII 53
90%
LXI 61
90%
CXVII 117
89%
XVIII 18
89%
XXIII 23
89%
XXXIII 33
89%
LII 52
89%
LXVI 66
89%
LXXXV 85
89%
CII 102
88%
XXXII 32
88%
XXXVI 36
88%
LXXXI 81
88%
CIX 109
87%
XVII 17
87%
XXIV 24
87%
LIV 54
87%
CI 101
86%
CVIII 108
86%
CX 110
86%
CXXXVIII 138
86%
XIX 19
86%
LXXV 75
86%
CIII 103
85%
CXVI 116
85%
XXXIV 34
85%
CXXX 130
84%
CXXIX 129
83%
CXLVI 146
83%
CL 150
83%
CLXXVII 177
83%
CCIII 203
83%
CCXVIII 218
83%
CCXXII 222
83%
CCLXXIX 279
83%
CCCXXVI 326
83%
CDI 401
83%
CDXI 411
83%
CDXLVII 447
83%
CDXLVIII 448
83%
XLIX 49
83%
LVIII 58
83%
LXXXVI 86
83%
CVII 107
82%
LV 55
82%
LXXVII 77
82%
LXXVIII 78
82%
CXIII 113
81%
XLII 42
81%
LXXX 80
81%
CXXVII 127
80%
CXXVIII 128
80%
CLXXV 175
80%
CLXXXII 182
80%
CLXXXVIII 188
80%
MCML 1950
80%
CCXLVIII 248
80%
CCLXXXIII 283
80%
CCLXXXIV 284
80%
CCLXXXV 285
80%
CCCIV 304
80%
CCCV 305
80%
CCCXX 320
80%
CCCLXX 370
80%
CCCLXXI 371
80%
CCCLXXXVI 386
80%
CCCXC 390
80%
CCCXCVIII 398
80%
XL 40
80%
LI 51
80%
CXXXV 135
79%
XXXVII 37
79%
XXXVIII 38
79%
CXXXIX 139
78%
XLV 45
78%
D 500
78%
LVI 56
78%
XCVII 97
78%
XLVI 46
77%
XLVIII 48
77%
LXXXIII 83
77%
XLVII 47
76%
LXVII 67
76%
CIV 104
75%
MCL 1150
75%
CXXXI 131
75%
CXXXIII 133
75%
CXXXVI 136
75%
CLIX 159
75%
MDCCLXII 1762
75%
CLXXXIII 183
75%
CXCIV 194
75%
CCLXI 261
75%
CCLXXVI 276
75%
CCLXXX 280
75%
CCLXXXVI 286
75%
CCC 300
75%
CCCXXXIX 339
75%
CCCLVI 356
75%
CCCLX 360
75%
CCCLXV 365
75%
CCCLXXIV 374
75%
CDIII 403
75%
CDVIII 408
75%
CDXIV 414
75%
CDXXV 425
75%
CDXXVIII 428
75%
CDXXXV 435
75%
CDXXXIX 439
75%
CDLIII 453
75%
CDLXII 462
75%
CDLXXII 472
75%
CDLXXXVIII 488
75%
DXXV 525
75%
XLIII 43
74%
CVI 106
73%
CXIX 119
73%
XLI 41
73%
XLIV 44
73%
XCIX 99
73%
CXLVIII 148
71%
CLXII 162
71%
CCXLVI 246
71%
CCCXXXV 335
71%
CCCLIII 353
71%
CCCLXIV 364
71%
XCVIII 98
71%
LXXVI 76
70%
XCIII 93
70%
CV 105
69%
CXLII 142
69%
LIX 59
69%
LXII 62
69%
LXXII 72
69%
LXXIII 73
69%
LXXXIX 89
69%
MXXVII 1027
67%
MXXXVI 1036
67%
CLVII 157
67%
CLXIX 169
67%
CLXXVIII 178
67%
CLXXX 180
67%
CLXXXIV 184
67%
MDCCCXCV 1895
67%
CXCI 191
67%
CXCIX 199
67%
CCXXIV 224
67%
CCLXVII 267
67%
CCLXX 270
67%
CCLXXIII 273
67%
CCLXXXI 281
67%
CCLXXXVIII 288
67%
CCXCIII 293
67%
CCCXXIV 324
67%
CCCXXXVI 336
67%
CCCXLII 342
67%
CCCXLIV 344
67%
CCCLXIII 363
67%
CCCLXIX 369
67%
CCCLXXX 380
67%
CCCLXXXIX 389
67%
CDXXVII 427
67%
CDXLIII 443
67%
CDXLVI 446
67%
CDL 450
67%
CDLII 452
67%
CDLVI 456
67%
CDLX 460
67%
CDLXIII 463
67%
CDLXIX 469
67%
CDLXXXI 481
67%
CDXCIII 493
67%
LVII 57
67%
DXCV 595
67%
DCLXIV 664
67%
CMXXVI 926
67%
CXLIX 149
65%
CXVIII 118
64%
CXLI 141
64%
CXLV 145
64%
LXXI 71
64%
CCCXCIV 394
63%
LXXXVIII 88
63%
XCII 92
63%
XCI 91
62%
CXXIV 124
60%
CXXXII 132
60%
CLXXVI 176
60%
CCIX 209
60%
CCLXXXII 282
60%
CCLXXXVII 287
60%
CCXCI 291
60%
CCCXXV 325
60%
CDXXIII 423
60%
CDXXXI 431
60%
CDXLI 441
60%
CDXC 490
60%
LXVIII 68
60%
CDXXIX 429
57%
LXXXIV 84
57%
CCXLII 242
56%
CDXXXII 432
56%
LXXXII 82
56%
XCVI 96
55%
MIII 1003
50%
MXXX 1030
50%
MXLVII 1047
50%
MLIII 1053
50%
MLXXVI 1076
50%
MCIV 1104
50%
MCLVIII 1158
50%
MCCLXXVII 1277
50%
MCCLXXXVIII 1288
50%
MCCXCI 1291
50%
MCCCIII 1303
50%
MCCCX 1310
50%
MCCCXXVI 1326
50%
CXLIV 144
50%
MDII 1502
50%
CLI 151
50%
MDXIV 1514
50%
MDXXII 1522
50%
MDXXVI 1526
50%
MDXXXIII 1533
50%
CLXIV 164
50%
MDCLXXVIII 1678
50%
MDCCXII 1712
50%
CLXXII 172
50%
MDCCXXX 1730
50%
MDCCXXXI 1731
50%
CLXXIV 174
50%
MDCCLXIX 1769
50%
MDCCLXXIII 1773
50%
MDCCLXXVI 1776
50%
MDCCLXXVII 1777
50%
CLXXIX 179
50%
MDCCCIII 1803
50%
CLXXXI 181
50%
MDCCCXXV 1825
50%
MDCCCXXIX 1829
50%
MDCCCXLV 1845
50%
CLXXXV 185
50%
MDCCCXCIX 1899
50%
CXC 190
50%
MCMLIX 1959
50%
CXCVI 196
50%
CCII 202
50%
CCXI 211
50%
CCXXIX 229
50%
CCXXXIV 234
50%
CCXL 240
50%
CCXLIV 244
50%
CCLIV 254
50%
CCLX 260
50%
CCLXII 262
50%
CCXCV 295
50%
CCCIII 303
50%
CCCXIX 319
50%
CCCXLIII 343
50%
CCCXLVI 346
50%
CCCLI 351
50%
CCCLIV 354
50%
CCCLXXXI 381
50%
CCCLXXXIII 383
50%
CCCLXXXVIII 388
50%
CCCXCVII 397
50%
CDV 405
50%
CDVI 406
50%
CDX 410
50%
CDXIII 413
50%
CDXXVI 426
50%
CDXXXIII 433
50%
CDXLII 442
50%
CDXLIV 444
50%
CDLXV 465
50%
CDLXVI 466
50%
CDLXXI 471
50%
CDLXXV 475
50%
CDLXXX 480
50%
CDXCI 491
50%
CDXCVIII 498
50%
DXXIV 524
50%
DLXIII 563
50%
DLXXXI 581
50%
DLXXXVIII 588
50%
DXCI 591
50%
DCXXVII 627
50%
DCXXXIV 634
50%
DCXXXV 635
50%
DCXLVII 647
50%
DCLXXXVIII 688
50%
DCCXXIV 724
50%
DCCXLIX 749
50%
DCCLXXIII 773
50%
DCCXCIII 793
50%
DCCCXXIV 824
50%
DCCCXXXI 831
50%
DCCCLX 860
50%
CMX 910
50%
CMXIX 919
50%
CMXXVII 927
50%
CMLI 951
50%
CMLIII 953
50%
CMLXVI 966
50%
CXLVII 147
46%
CDLXXXVI 486
43%
XCIV 94
43%
CLXVII 167
40%
CLXXXVII 187
40%
CCXLIX 249
40%
CCCXLIX 349
40%
CCCXCII 392
40%
CDXVIII 418
40%
CDXLV 445
40%
CDLXI 461
40%
CDXCVII 497
40%
LXXIX 79
38%
CXLIII 143
36%
MCCLX 1260
33%
MCDXXX 1430
33%
MDCVIII 1608
33%
MDCLXXII 1672
33%
CLXXIII 173
33%
MDCCCXLIX 1849
33%
MCMLXIII 1963
33%
MCMLXIV 1964
33%
MCMXCVI 1996
33%
CCLXXXIX 289
33%
CCCXXIX 329
33%
CCCLXXVIII 378
33%
CDIV 404
33%
CDIX 409
33%
CDXVI 416
33%
CDXX 420
33%
CDXXIV 424
33%
CDXXX 430
33%
CDXXXVI 436
33%
CDXL 440
33%
CDLXXVI 476
33%
CDLXXIX 479
33%
CDXCVI 496
33%
DCCXLV 745
33%
DCCLXIII 763
33%
CMLXVII 967
33%
CD 400
29%
CDXCII 492
25%
DCXXXI 631
25%
MDCCCXXXIV 1834
20%
CCCXXIII 323
20%
M 1000
0%
MII 1002
0%
MVI 1006
0%
MVII 1007
0%
MVIII 1008
0%
MIX 1009
0%
MX 1010
0%
MXII 1012
0%
MXIV 1014
0%
MXV 1015
0%
MXVI 1016
0%
MXIX 1019
0%
MXX 1020
0%
MXXI 1021
0%
MXXV 1025
0%
MXXVI 1026
0%
MXXVIII 1028
0%
MXXXI 1031
0%
MXXXII 1032
0%
MXXXIV 1034
0%
MXXXVIII 1038
0%
MXXXIX 1039
0%
MXL 1040
0%
MXLII 1042
0%
MXLIII 1043
0%
MXLIV 1044
0%
MXLVI 1046
0%
MXLVIII 1048
0%
MXLIX 1049
0%
MLI 1051
0%
MLIV 1054
0%
MLX 1060
0%
MLXII 1062
0%
MLXIII 1063
0%
MLXIV 1064
0%
MLXV 1065
0%
MLXVII 1067
0%
MLXVIII 1068
0%
MLXX 1070
0%
MLXXII 1072
0%
MLXXIII 1073
0%
MLXXV 1075
0%
MLXXVII 1077
0%
MLXXVIII 1078
0%
MLXXIX 1079
0%
MLXXX 1080
0%
MLXXXI 1081
0%
MLXXXII 1082
0%
MLXXXIII 1083
0%
MLXXXIV 1084
0%
MLXXXVII 1087
0%
MXC 1090
0%
MXCI 1091
0%
MXCIII 1093
0%
MXCIV 1094
0%
MXCV 1095
0%
MXCVII 1097
0%
MXCVIII 1098
0%
MXCIX 1099
0%
MC 1100
0%
MCI 1101
0%
MCIII 1103
0%
MCVI 1106
0%
MCVIII 1108
0%
MCX 1110
0%
MCXI 1111
0%
MCXV 1115
0%
MCXVIII 1118
0%
MCXX 1120
0%
MCXXI 1121
0%
MCXXII 1122
0%
MCXXVI 1126
0%
MCXXVIII 1128
0%
MCXXIX 1129
0%
MCXXXI 1131
0%
MCXXXII 1132
0%
MCXXXIV 1134
0%
MCXXXV 1135
0%
MCXXXVI 1136
0%
MCXXXVII 1137
0%
MCXXXVIII 1138
0%
MCXXXIX 1139
0%
MCXL 1140
0%
MCXLI 1141
0%
MCXLIII 1143
0%
MCXLIV 1144
0%
MCXLV 1145
0%
MCXLVI 1146
0%
MCXLVII 1147
0%
MCXLIX 1149
0%
MCLI 1151
0%
MCLIII 1153
0%
MCLIV 1154
0%
MCLV 1155
0%
MCLVI 1156
0%
MCLVII 1157
0%
MCLIX 1159
0%
MCLX 1160
0%
MCLXI 1161
0%
MCLXV 1165
0%
MCLXVII 1167
0%
MCLXVIII 1168
0%
MCLXIX 1169
0%
MCLXX 1170
0%
MCLXXI 1171
0%
MCLXXII 1172
0%
MCLXXIV 1174
0%
MCLXXVI 1176
0%
MCLXXVII 1177
0%
MCLXXIX 1179
0%
MCLXXX 1180
0%
MCLXXXI 1181
0%
MCLXXXIV 1184
0%
MCLXXXVII 1187
0%
MCLXXXVIII 1188
0%
MCLXXXIX 1189
0%
MCXC 1190
0%
MCXCII 1192
0%
MCXCIII 1193
0%
MCXCV 1195
0%
MCXCVI 1196
0%
MCXCVII 1197
0%
MCXCVIII 1198
0%
MCXCIX 1199
0%
MCC 1200
0%
MCCI 1201
0%
MCCII 1202
0%
MCCIII 1203
0%
MCCIV 1204
0%
MCCV 1205
0%
MCCVI 1206
0%
MCCVII 1207
0%
MCCIX 1209
0%
MCCX 1210
0%
MCCXI 1211
0%
MCCXII 1212
0%
MCCXIV 1214
0%
MCCXV 1215
0%
MCCXVI 1216
0%
MCCXVII 1217
0%
MCCXIX 1219
0%
MCCXX 1220
0%
MCCXXI 1221
0%
MCCXXII 1222
0%
MCCXXIV 1224
0%
MCCXXV 1225
0%
MCCXXVI 1226
0%
MCCXXVII 1227
0%
MCCXXVIII 1228
0%
MCCXXX 1230
0%
MCCXXXI 1231
0%
MCCXXXII 1232
0%
MCCXXXIII 1233
0%
MCCXXXIV 1234
0%
MCCXXXV 1235
0%
MCCXXXVI 1236
0%
MCCXXXVII 1237
0%
MCCXXXIX 1239
0%
MCCXL 1240
0%
MCCXLII 1242
0%
MCCXLIII 1243
0%
MCCXLVI 1246
0%
MCCXLVII 1247
0%
MCCXLVIII 1248
0%
MCCL 1250
0%
MCCLI 1251
0%
MCCLIII 1253
0%
MCCLIV 1254
0%
MCCLVII 1257
0%
MCCLIX 1259
0%
MCCLXI 1261
0%
MCCLXII 1262
0%
MCCLXIII 1263
0%
MCCLXIV 1264
0%
MCCLXV 1265
0%
MCCLXVI 1266
0%
MCCLXVIII 1268
0%
MCCLXX 1270
0%
MCCLXXI 1271
0%
MCCLXXII 1272
0%
MCCLXXIII 1273
0%
MCCLXXV 1275
0%
MCCLXXVIII 1278
0%
MCCLXXIX 1279
0%
MCCLXXX 1280
0%
MCCLXXXI 1281
0%
MCCLXXXII 1282
0%
MCCLXXXIV 1284
0%
MCCLXXXV 1285
0%
MCCLXXXVI 1286
0%
MCCLXXXVII 1287
0%
MCCLXXXIX 1289
0%
MCCXC 1290
0%
MCCXCII 1292
0%
MCCXCV 1295
0%
MCCXCVIII 1298
0%
MCCCI 1301
0%
MCCCII 1302
0%
MCCCV 1305
0%
MCCCVIII 1308
0%
MCCCIX 1309
0%
MCCCXI 1311
0%
MCCCXII 1312
0%
MCCCXIII 1313
0%
MCCCXIV 1314
0%
MCCCXV 1315
0%
MCCCXVI 1316
0%
MCCCXVII 1317
0%
MCCCXVIII 1318
0%
MCCCXXI 1321
0%
MCCCXXII 1322
0%
MCCCXXIII 1323
0%
MCCCXXIV 1324
0%
MCCCXXV 1325
0%
MCCCXXVIII 1328
0%
MCCCXXIX 1329
0%
MCCCXXX 1330
0%
MCCCXXXI 1331
0%
MCCCXXXIII 1333
0%
MCCCXXXV 1335
0%
MCCCXXXVI 1336
0%
MCCCXXXVII 1337
0%
MCCCXXXVIII 1338
0%
MCCCXL 1340
0%
MCCCXLI 1341
0%
MCCCXLII 1342
0%
MCCCXLIII 1343
0%
MCCCXLIV 1344
0%
MCCCXLVI 1346
0%
MCCCXLVII 1347
0%
MCCCXLVIII 1348
0%
MCCCXLIX 1349
0%
MCCCLII 1352
0%
MCCCLIII 1353
0%
MCCCLIV 1354
0%
MCCCLVI 1356
0%
MCCCLVII 1357
0%
MCCCLVIII 1358
0%
MCCCLX 1360
0%
MCCCLXI 1361
0%
MCCCLXII 1362
0%
MCCCLXVI 1366
0%
MCCCLXVII 1367
0%
MCCCLXVIII 1368
0%
MCCCLXXI 1371
0%
MCCCLXXIII 1373
0%
MCCCLXXIV 1374
0%
MCCCLXXVI 1376
0%
MCCCLXXVIII 1378
0%
MCCCLXXIX 1379
0%
MCCCLXXX 1380
0%
MCCCLXXXI 1381
0%
MCCCLXXXII 1382
0%
MCCCLXXXIII 1383
0%
MCCCLXXXIV 1384
0%
MCCCLXXXVI 1386
0%
MCCCLXXXVII 1387
0%
MCCCXC 1390
0%
MCCCXCI 1391
0%
MCCCXCV 1395
0%
MCCCXCVI 1396
0%
MCCCXCVII 1397
0%
MCCCXCIX 1399
0%
MCD 1400
0%
MCDI 1401
0%
MCDII 1402
0%
MCDIII 1403
0%
MCDIV 1404
0%
MCDV 1405
0%
MCDVI 1406
0%
MCDVIII 1408
0%
MCDIX 1409
0%
MCDX 1410
0%
MCDXI 1411
0%
MCDXIII 1413
0%
MCDXIV 1414
0%
MCDXVI 1416
0%
MCDXVIII 1418
0%
MCDXX 1420
0%
MCDXXI 1421
0%
MCDXXII 1422
0%
MCDXXIII 1423
0%
MCDXXV 1425
0%
MCDXXVII 1427
0%
MCDXXVIII 1428
0%
MCDXXXI 1431
0%
MCDXXXV 1435
0%
MCDXXXVI 1436
0%
MCDXXXVII 1437
0%
MCDXXXVIII 1438
0%
MCDXXXIX 1439
0%
MCDXLI 1441
0%
MCDXLII 1442
0%
MCDXLIII 1443
0%
MCDXLIV 1444
0%
MCDXLV 1445
0%
MCDXLVI 1446
0%
MCDXLVII 1447
0%
MCDXLVIII 1448
0%
MCDXLIX 1449
0%
MCDL 1450
0%
MCDLI 1451
0%
MCDLIII 1453
0%
MCDLIV 1454
0%
MCDLV 1455
0%
MCDLVII 1457
0%
MCDLVIII 1458
0%
MCDLX 1460
0%
MCDLXI 1461
0%
MCDLXII 1462
0%
MCDLXV 1465
0%
MCDLXVII 1467
0%
MCDLXX 1470
0%
MCDLXXI 1471
0%
MCDLXXII 1472
0%
MCDLXXIII 1473
0%
MCDLXXIV 1474
0%
MCDLXXVI 1476
0%
MCDLXXVII 1477
0%
MCDLXXIX 1479
0%
MCDLXXX 1480
0%
MCDLXXXII 1482
0%
MCDLXXXIV 1484
0%
MCDLXXXVII 1487
0%
MCDLXXXVIII 1488
0%
MCDLXXXIX 1489
0%
MCDXCI 1491
0%
MCDXCII 1492
0%
MCDXCIII 1493
0%
MCDXCIV 1494
0%
MCDXCV 1495
0%
MCDXCVI 1496
0%
MCDXCVII 1497
0%
MCDXCVIII 1498
0%
MCDXCIX 1499
0%
MDIII 1503
0%
MDIV 1504
0%
MDV 1505
0%
MDVII 1507
0%
MDVIII 1508
0%
MDX 1510
0%
MDXV 1515
0%
MDXVI 1516
0%
MDXIX 1519
0%
MDXX 1520
0%
MDXXIII 1523
0%
MDXXVII 1527
0%
MDXXIX 1529
0%
MDXXX 1530
0%
MDXXXI 1531
0%
MDXXXII 1532
0%
MDXXXIV 1534
0%
MDXXXV 1535
0%
MDXXXVI 1536
0%
MDXXXVII 1537
0%
MDXXXIX 1539
0%
MDXL 1540
0%
MDXLIII 1543
0%
MDXLIV 1544
0%
MDXLVI 1546
0%
MDXLVII 1547
0%
MDXLIX 1549
0%
MDLI 1551
0%
MDLII 1552
0%
MDLIII 1553
0%
MDLIV 1554
0%
MDLV 1555
0%
MDLVII 1557
0%
MDLVIII 1558
0%
MDLX 1560
0%
MDLXI 1561
0%
MDLXIV 1564
0%
MDLXV 1565
0%
MDLXVII 1567
0%
MDLXVIII 1568
0%
MDLXIX 1569
0%
MDLXXI 1571
0%
MDLXXIII 1573
0%
MDLXXIV 1574
0%
MDLXXV 1575
0%
MDLXXVI 1576
0%
MDLXXVII 1577
0%
MDLXXX 1580
0%
MDLXXXI 1581
0%
MDLXXXIV 1584
0%
MDXC 1590
0%
MDXCI 1591
0%
MDXCII 1592
0%
MDXCIII 1593
0%
MDXCV 1595
0%
MDXCVII 1597
0%
MDXCVIII 1598
0%
MDXCIX 1599
0%
MDC 1600
0%
MDCI 1601
0%
MDCIII 1603
0%
MDCV 1605
0%
MDCVI 1606
0%
CLXI 161
0%
MDCXVI 1616
0%
MDCXVII 1617
0%
MDCXVIII 1618
0%
MDCXIX 1619
0%
MDCXX 1620
0%
MDCXXI 1621
0%
MDCXXIV 1624
0%
MDCXXV 1625
0%
MDCXXVI 1626
0%
MDCXXVIII 1628
0%
MDCXXX 1630
0%
MDCXXXI 1631
0%
MDCXXXIII 1633
0%
MDCXXXIV 1634
0%
MDCXXXV 1635
0%
MDCXXXVI 1636
0%
MDCXXXVII 1637
0%
MDCXXXVIII 1638
0%
MDCXL 1640
0%
MDCXLI 1641
0%
MDCXLII 1642
0%
MDCXLIII 1643
0%
MDCXLIV 1644
0%
MDCXLV 1645
0%
MDCXLVIII 1648
0%
MDCL 1650
0%
MDCLIII 1653
0%
MDCLIV 1654
0%
MDCLIX 1659
0%
MDCLX 1660
0%
MDCLXI 1661
0%
MDCLXIV 1664
0%
MDCLXV 1665
0%
MDCLXVII 1667
0%
MDCLXVIII 1668
0%
MDCLXIX 1669
0%
MDCLXX 1670
0%
MDCLXXI 1671
0%
MDCLXXIV 1674
0%
MDCLXXVI 1676
0%
MDCLXXVII 1677
0%
MDCLXXIX 1679
0%
CLXVIII 168
0%
MDCLXXX 1680
0%
MDCLXXXI 1681
0%
MDCLXXXII 1682
0%
MDCLXXXIII 1683
0%
MDCLXXXIV 1684
0%
MDCLXXXV 1685
0%
MDCLXXXVII 1687
0%
MDCXC 1690
0%
MDCXCI 1691
0%
MDCXCII 1692
0%
MDCXCIII 1693
0%
MDCXCVII 1697
0%
MDCXCVIII 1698
0%
MDCC 1700
0%
MDCCIV 1704
0%
MDCCV 1705
0%
MDCCVII 1707
0%
MDCCIX 1709
0%
MDCCX 1710
0%
MDCCXI 1711
0%
MDCCXIII 1713
0%
MDCCXIV 1714
0%
MDCCXVI 1716
0%
MDCCXXI 1721
0%
MDCCXXII 1722
0%
MDCCXXIII 1723
0%
MDCCXXV 1725
0%
MDCCXXVII 1727
0%
MDCCXXIX 1729
0%
MDCCXXXII 1732
0%
MDCCXXXIII 1733
0%
MDCCXXXIV 1734
0%
MDCCXXXV 1735
0%
MDCCXXXVII 1737
0%
MDCCXXXVIII 1738
0%
MDCCXLII 1742
0%
MDCCXLIV 1744
0%
MDCCXLVI 1746
0%
MDCCXLVII 1747
0%
MDCCXLIX 1749
0%
MDCCLI 1751
0%
MDCCLII 1752
0%
MDCCLIV 1754
0%
MDCCLV 1755
0%
MDCCLVI 1756
0%
MDCCLVII 1757
0%
MDCCLVIII 1758
0%
MDCCLIX 1759
0%
MDCCLX 1760
0%
MDCCLXIII 1763
0%
MDCCLXIV 1764
0%
MDCCLXVI 1766
0%
MDCCLXVII 1767
0%
MDCCLXVIII 1768
0%
MDCCLXXI 1771
0%
MDCCLXXII 1772
0%
MDCCLXXIV 1774
0%
MDCCLXXX 1780
0%
MDCCLXXXII 1782
0%
MDCCLXXXIV 1784
0%
MDCCLXXXV 1785
0%
MDCCLXXXVI 1786
0%
MDCCLXXXVII 1787
0%
MDCCXC 1790
0%
MDCCXCI 1791
0%
MDCCXCII 1792
0%
MDCCXCIII 1793
0%
MDCCXCIV 1794
0%
MDCCXCV 1795
0%
MDCCXCVII 1797
0%
MDCCXCVIII 1798
0%
MDCCCI 1801
0%
MDCCCIV 1804
0%
MDCCCV 1805
0%
MDCCCVI 1806
0%
MDCCCVII 1807
0%
MDCCCVIII 1808
0%
MDCCCIX 1809
0%
MDCCCX 1810
0%
MDCCCXI 1811
0%
MDCCCXII 1812
0%
MDCCCXIV 1814
0%
MDCCCXV 1815
0%
MDCCCXVI 1816
0%
MDCCCXVII 1817
0%
MDCCCXVIII 1818
0%
MDCCCXIX 1819
0%
MDCCCXX 1820
0%
MDCCCXXI 1821
0%
MDCCCXXVI 1826
0%
MDCCCXXVII 1827
0%
MDCCCXXVIII 1828
0%
MDCCCXXXI 1831
0%
MDCCCXXXIII 1833
0%
MDCCCXXXVII 1837
0%
MDCCCXXXVIII 1838
0%
MDCCCXLI 1841
0%
MDCCCXLII 1842
0%
MDCCCXLIII 1843
0%
MDCCCXLIV 1844
0%
MDCCCXLVI 1846
0%
MDCCCXLVIII 1848
0%
MDCCCL 1850
0%
MDCCCLI 1851
0%
MDCCCLIII 1853
0%
MDCCCLIV 1854
0%
MDCCCLVI 1856
0%
MDCCCLVII 1857
0%
MDCCCLVIII 1858
0%
MDCCCLIX 1859
0%
MDCCCLX 1860
0%
MDCCCLXI 1861
0%
MDCCCLXII 1862
0%
MDCCCLXIII 1863
0%
MDCCCLXVII 1867
0%
MDCCCLXVIII 1868
0%
MDCCCLXIX 1869
0%
MDCCCLXXII 1872
0%
MDCCCLXXIII 1873
0%
MDCCCLXXIV 1874
0%
MDCCCLXXVI 1876
0%
MDCCCLXXVIII 1878
0%
MDCCCLXXX 1880
0%
MDCCCLXXXIII 1883
0%
MDCCCLXXXV 1885
0%
MDCCCLXXXVI 1886
0%
MDCCCLXXXVIII 1888
0%
MDCCCLXXXIX 1889
0%
MDCCCXCI 1891
0%
MDCCCXCII 1892
0%
MDCCCXCIV 1894
0%
MDCCCXCVI 1896
0%
MDCCCXCVII 1897
0%
MDCCCXCVIII 1898
0%
MCMI 1901
0%
MCMII 1902
0%
MCMIII 1903
0%
MCMV 1905
0%
MCMVI 1906
0%
MCMVII 1907
0%
MCMIX 1909
0%
MCMX 1910
0%
MCMXI 1911
0%
MCMXII 1912
0%
MCMXIII 1913
0%
MCMXV 1915
0%
MCMXVIII 1918
0%
MCMXIX 1919
0%
MCMXX 1920
0%
MCMXXII 1922
0%
MCMXXV 1925
0%
MCMXXVI 1926
0%
MCMXXVII 1927
0%
MCMXXVIII 1928
0%
MCMXXIX 1929
0%
MCMXXX 1930
0%
MCMXXXI 1931
0%
MCMXXXII 1932
0%
MCMXXXIII 1933
0%
MCMXXXIV 1934
0%
MCMXXXV 1935
0%
MCMXXXVI 1936
0%
MCMXXXVIII 1938
0%
MCMXXXIX 1939
0%
MCMXL 1940
0%
MCMXLI 1941
0%
MCMXLII 1942
0%
MCMXLIV 1944
0%
MCMXLVI 1946
0%
MCMXLVIII 1948
0%
MCMXLIX 1949
0%
CXCV 195
0%
MCMLI 1951
0%
MCMLII 1952
0%
MCMLIII 1953
0%
MCMLV 1955
0%
MCMLVI 1956
0%
MCMLVII 1957
0%
MCMLX 1960
0%
MCMLXII 1962
0%
MCMLXV 1965
0%
MCMLXVI 1966
0%
MCMLXVIII 1968
0%
MCMLXX 1970
0%
MCMLXXI 1971
0%
MCMLXXII 1972
0%
MCMLXXIII 1973
0%
MCMLXXIV 1974
0%
MCMLXXV 1975
0%
MCMLXXVIII 1978
0%
MCMLXXIX 1979
0%
MCMLXXX 1980
0%
MCMLXXXI 1981
0%
MCMLXXXII 1982
0%
MCMLXXXIII 1983
0%
MCMLXXXIV 1984
0%
MCMLXXXVI 1986
0%
MCMLXXXVII 1987
0%
MCMLXXXVIII 1988
0%
MCMLXXXIX 1989
0%
MCMXCII 1992
0%
MCMXCIII 1993
0%
MCMXCIV 1994
0%
MCMXCV 1995
0%
MCMXCVIII 1998
0%
CCXXVII 227
0%
CCXXVIII 228
0%
CCXXXV 235
0%
CCXLIII 243
0%
CCXLV 245
0%
CCLV 255
0%
CCLVII 257
0%
CCLXV 265
0%
CCLXXII 272
0%
CCLXXVIII 278
0%
CCXCII 292
0%
CCXCVII 297
0%
CCXCVIII 298
0%
CCCXVIII 318
0%
CCCXXX 330
0%
CCCXXXII 332
0%
CCCXLVII 347
0%
CCCLXVI 366
0%
CCCLXXVII 377
0%
CDII 402
0%
CDVII 407
0%
CDXII 412
0%
CDXV 415
0%
CDXXXVIII 438
0%
CDLI 451
0%
CDLIX 459
0%
CDLXIV 464
0%
CDLXVII 467
0%
CDLXXIV 474
0%
CDLXXXIII 483
0%
CDLXXXV 485
0%
CDLXXXVII 487
0%
DI 501
0%
DII 502
0%
DIII 503
0%
DVI 506
0%
DVIII 508
0%
DXI 511
0%
DXIII 513
0%
DXIV 514
0%
DXV 515
0%
DXVI 516
0%
DXVII 517
0%
DXIX 519
0%
DXXI 521
0%
DXXII 522
0%
DXXIII 523
0%
DXXVII 527
0%
DXXIX 529
0%
DXXX 530
0%
DXXXII 532
0%
DXXXIV 534
0%
DXXXVI 536
0%
DXXXVII 537
0%
DXXXIX 539
0%
DXL 540
0%
DXLII 542
0%
DXLVI 546
0%
DXLVII 547
0%
DXLVIII 548
0%
DXLIX 549
0%
DL 550
0%
DLV 555
0%
DLVI 556
0%
DLVII 557
0%
DLVIII 558
0%
DLX 560
0%
DLXI 561
0%
DLXII 562
0%
DLXVI 566
0%
DLXVII 567
0%
DLXVIII 568
0%
DLXXI 571
0%
DLXXII 572
0%
DLXXIII 573
0%
DLXXIV 574
0%
DLXXV 575
0%
DLXXVI 576
0%
DLXXVII 577
0%
DLXXIX 579
0%
DLXXX 580
0%
DLXXXIII 583
0%
DLXXXIV 584
0%
DLXXXVI 586
0%
DLXXXVII 587
0%
DXC 590
0%
DXCII 592
0%
DXCIII 593
0%
DXCIV 594
0%
DXCVII 597
0%
DXCVIII 598
0%
DXCIX 599
0%
DC 600
0%
DCI 601
0%
DCII 602
0%
DCIV 604
0%
DCV 605
0%
DCVII 607
0%
DCIX 609
0%
DCX 610
0%
DCXII 612
0%
DCXIII 613
0%
DCXIV 614
0%
DCXVIII 618
0%
DCXIX 619
0%
DCXX 620
0%
DCXXII 622
0%
DCXXIII 623
0%
DCXXIV 624
0%
DCXXV 625
0%
DCXXIX 629
0%
DCXXX 630
0%
DCXXXII 632
0%
DCXXXIII 633
0%
DCXXXVIII 638
0%
DCXXXIX 639
0%
DCXL 640
0%
DCXLI 641
0%
DCXLII 642
0%
DCXLIII 643
0%
DCXLIV 644
0%
DCXLV 645
0%
DCXLVI 646
0%
DCXLVIII 648
0%
DCXLIX 649
0%
DCL 650
0%
DCLI 651
0%
DCLII 652
0%
DCLIII 653
0%
DCLIV 654
0%
DCLV 655
0%
DCLVI 656
0%
DCLIX 659
0%
DCLX 660
0%
DCLXI 661
0%
DCLXII 662
0%
DCLXIII 663
0%
DCLXV 665
0%
DCLXVI 666
0%
DCLXVII 667
0%
DCLXX 670
0%
DCLXXI 671
0%
DCLXXII 672
0%
DCLXXIV 674
0%
DCLXXVIII 678
0%
DCLXXIX 679
0%
DCLXXX 680
0%
DCLXXXI 681
0%
DCLXXXII 682
0%
DCLXXXIV 684
0%
DCLXXXV 685
0%
DCLXXXVI 686
0%
DCXC 690
0%
DCXCI 691
0%
DCXCII 692
0%
DCXCIII 693
0%
DCXCV 695
0%
DCXCVI 696
0%
DCXCVII 697
0%
DCXCVIII 698
0%
DCXCIX 699
0%
DCC 700
0%
DCCIII 703
0%
DCCIV 704
0%
DCCVIII 708
0%
DCCX 710
0%
DCCXI 711
0%
DCCXII 712
0%
DCCXIV 714
0%
DCCXVI 716
0%
DCCXVII 717
0%
DCCXVIII 718
0%
DCCXX 720
0%
DCCXXII 722
0%
DCCXXV 725
0%
DCCXXVII 727
0%
DCCXXIX 729
0%
DCCXXXI 731
0%
DCCXXXIV 734
0%
DCCXXXVI 736
0%
DCCXXXIX 739
0%
DCCXL 740
0%
DCCXLI 741
0%
DCCXLIII 743
0%
DCCXLIV 744
0%
DCCXLVI 746
0%
DCCXLVII 747
0%
DCCXLVIII 748
0%
DCCL 750
0%
DCCLI 751
0%
DCCLII 752
0%
DCCLIII 753
0%
DCCLIV 754
0%
DCCLV 755
0%
DCCLVI 756
0%
DCCLVII 757
0%
DCCLIX 759
0%
DCCLX 760
0%
DCCLXI 761
0%
DCCLXII 762
0%
DCCLXVI 766
0%
DCCLXVII 767
0%
DCCLXIX 769
0%
DCCLXX 770
0%
DCCLXXI 771
0%
DCCLXXII 772
0%
DCCLXXV 775
0%
DCCLXXVIII 778
0%
DCCLXXXII 782
0%
DCCLXXXIII 783
0%
DCCLXXXIV 784
0%
DCCLXXXV 785
0%
DCCLXXXVII 787
0%
DCCLXXXVIII 788
0%
DCCLXXXIX 789
0%
DCCXC 790
0%
DCCXCI 791
0%
DCCXCII 792
0%
DCCXCIV 794
0%
DCCXCVII 797
0%
DCCXCVIII 798
0%
DCCXCIX 799
0%
DCCCII 802
0%
DCCCIV 804
0%
DCCCV 805
0%
DCCCVII 807
0%
DCCCIX 809
0%
DCCCX 810
0%
DCCCXI 811
0%
DCCCXII 812
0%
DCCCXIII 813
0%
DCCCXIV 814
0%
DCCCXV 815
0%
DCCCXVI 816
0%
DCCCXVIII 818
0%
DCCCXIX 819
0%
DCCCXX 820
0%
DCCCXXI 821
0%
DCCCXXIII 823
0%
DCCCXXVI 826
0%
DCCCXXVII 827
0%
DCCCXXX 830
0%
DCCCXXXII 832
0%
DCCCXXXIV 834
0%
DCCCXXXV 835
0%
DCCCXXXVI 836
0%
DCCCXXXVII 837
0%
DCCCXXXIX 839
0%
DCCCXLI 841
0%
DCCCXLII 842
0%
DCCCXLV 845
0%
DCCCXLVI 846
0%
DCCCXLVII 847
0%
DCCCXLVIII 848
0%
DCCCXLIX 849
0%
DCCCL 850
0%
DCCCLIII 853
0%
DCCCLIV 854
0%
DCCCLV 855
0%
DCCCLVI 856
0%
DCCCLVII 857
0%
DCCCLVIII 858
0%
DCCCLIX 859
0%
DCCCLXI 861
0%
DCCCLXII 862
0%
DCCCLXIII 863
0%
DCCCLXV 865
0%
DCCCLXVI 866
0%
DCCCLXVII 867
0%
DCCCLXVIII 868
0%
DCCCLXIX 869
0%
DCCCLXXI 871
0%
DCCCLXXIV 874
0%
DCCCLXXVI 876
0%
DCCCLXXVII 877
0%
DCCCLXXVIII 878
0%
DCCCLXXIX 879
0%
DCCCLXXX 880
0%
DCCCLXXXIV 884
0%
DCCCLXXXVI 886
0%
DCCCLXXXVII 887
0%
DCCCLXXXIX 889
0%
DCCCXCI 891
0%
DCCCXCIII 893
0%
DCCCXCV 895
0%
DCCCXCVI 896
0%
DCCCXCIX 899
0%
CM 900
0%
CMI 901
0%
CMII 902
0%
CMIV 904
0%
CMVI 906
0%
CMVIII 908
0%
CMIX 909
0%
CMXI 911
0%
CMXII 912
0%
CMXIII 913
0%
CMXIV 914
0%
CMXV 915
0%
CMXVI 916
0%
CMXVIII 918
0%
CMXXI 921
0%
CMXXII 922
0%
CMXXIV 924
0%
CMXXVIII 928
0%
CMXXIX 929
0%
CMXXXIV 934
0%
CMXXXV 935
0%
CMXXXVI 936
0%
CMXXXVII 937
0%
CMXXXVIII 938
0%
CMXL 940
0%
CMXLI 941
0%
CMXLII 942
0%
CMXLIII 943
0%
CMXLV 945
0%
CMXLVI 946
0%
CMXLVII 947
0%
CMXLIX 949
0%
CML 950
0%
CMLII 952
0%
CMLIV 954
0%
CMLV 955
0%
CMLVI 956
0%
CMLVII 957
0%
CMLVIII 958
0%
CMLIX 959
0%
CMLX 960
0%
CMLXI 961
0%
CMLXII 962
0%
CMLXIII 963
0%
CMLXIV 964
0%
CMLXV 965
0%
CMLXIX 969
0%
CMLXX 970
0%
CMLXXI 971
0%
CMLXXVII 977
0%
CMLXXXI 981
0%
CMLXXXIII 983
0%
CMLXXXV 985
0%
CMLXXXVI 986
0%
CMLXXXVII 987
0%
CMLXXXVIII 988
0%
CMLXXXIX 989
0%
CMXC 990
0%
CMXCII 992
0%
CMXCIV 994
0%
CMXCVI 996
0%
CMXCVII 997
0%
CMXCVIII 998
0%
Geen overeenkomende quizzen gevonden
Scoreverdeling
Procent van Mensen met Elke Score
Percentiel versus Aantal Correcte Antwoorden
Uw Scoregeschiedenis
U heeft deze quiz nog niet genomen